Normal view
MARC view
- Milne, David,
Entry Personal Name
001 - CONTROL NUMBER
- control field: 8063
003 - CONTROL NUMBER IDENTIFIER
- control field: NUST
005 - DATE AND TIME OF LATEST TRANSACTION
- control field: 20180105095207.0
008 - FIXED-LENGTH DATA ELEMENTS
- fixed length control field: 180105|| aca||aabn | a|a d
040 ## - CATALOGING SOURCE
- Original cataloging agency: NUST
- Transcribing agency: NUST
100 ## - HEADING--PERSONAL NAME
- Personal name: Milne, David,
- Dates associated with a name: 1976-
670 ## - SOURCE DATA FOUND
- Source citation: Work cat.: (NUST)0: Milne, David, 1976-, America's Rasputin :, 2008.
